[Event "RUS-chT Premier 2019"]
[Site "Sochi"]
[Date "2019.05.02"]
[Round "2.11"]
[White "Romanov, Evgeny"]
[Black "Makhmutov, Rail"]
[Result "1/2-1/2"]
[WhiteElo "2573"]
[BlackElo "2390"]
[Annotator "ChessBase"]
[PlyCount "99"]
[EventDate "2019.05.01"]
[EventType "team-tourn"]
[EventCountry "RUS"]
[SourceTitle "playchess.com"]
[Source "ChessBase"]
[SourceQuality "1"]
[TimeControl "40/5400+30:1800+30"]

1. Nf3 {[%emt 0:00:00]} d5 {[%emt 0:00:00]} 2. b3 {[%emt 0:00:06]} Bg4 {[%emt 0:00:59]} 3. e3 {[%emt 0:00:47]} Nd7 {[%emt 0:04:09]} 4. h3 {[%emt 0:00:45]} Bh5 {[%emt 0:00:25]} 5. Bb2 {[%emt 0:00:07]} e6 {[%emt 0:01:26]} 6. d3 {[%emt 0:00:27]} h6 {[%emt 0:08:17]} 7. Nbd2 {[%emt 0:03:27]} Ngf6 {[%emt 0:02:14]} 8. g4 {[%emt 0:00:44]} Bg6 {[%emt 0:00:08]} 9. Rg1 {[%emt 0:00:29]} Bd6 {[%emt 0:04:39]} 10. h4 {[%emt 0:02:52]} Qe7 {[%emt 0:08:06]} 11. g5 {[%emt 0:03:14]} hxg5 {[%emt 0:00:09]} 12. hxg5 {[%emt 0:00:39]} Nh5 {[%emt 0:01:17]} 13. Nh4 {[%emt 0:04:07]} e5 {[%emt 0:23:05]} 14. Qg4 {[%emt 0:04:13]} O-O-O {[%emt 0:02:04]} 15. O-O-O {[%emt 0:01:23]} Kb8 {[%emt 0:07:56]} 16. Kb1 {[%emt 0:02:35]} Nf4 {[%emt 0:02:47]} 17. Re1 {[%emt 0:11:38]} Ne6 {[%emt 0:03:55]} 18. Nxg6 {[%emt 0:09:58]} fxg6 {[%emt 0:00:03]} 19. Bg2 {[%emt 0:00:40]} c6 {[%emt 0:00:59]} 20. f4 {[%emt 0:01:05]} Nc7 {[%emt 0:06:10]} 21. Nf3 {[%emt 0:04:49]} Rhf8 {[%emt 0:05:35]} 22. d4 {[%emt 0:20:12]} e4 {[%emt 0:08:13]} 23. Nh4 {[%emt 0:01:35]} Qf7 {[%emt 0:00:19]} 24. Ref1 {[%emt 0:01:15]} Nb6 {[%emt 0:02:57]} 25. Bh3 {[%emt 0:03:33]} Nc8 {[%emt 0:00:46]} 26. f5 {[%emt 0:01:09]} gxf5 {[%emt 0:00:03]} 27. Nxf5 {[%emt 0:00:29]} Qd7 {[%emt 0:00:36]} 28. a4 {[%emt 0:03:34]} g6 {[%emt 0:02:59]} 29. Nxd6 {[%emt 0:00:35]} Qxd6 {[%emt 0:00:19]} 30. Ka2 {[%emt 0:01:51]} Rxf1 {[%emt 0:01:03]} 31. Rxf1 {[%emt 0:00:08]} Qh2 {[%emt 0:00:41]} 32. Bg2 {[%emt 0:02:27]} Qh7 {[%emt 0:01:21]} 33. Ba3 {[%emt 0:01:07]} Ne7 {[%emt 0:00:17]} 34. Rf6 {[%emt 0:07:28]} Nf5 {[%emt 0:00:08]} 35. Qf4 {[%emt 0:00:06]} Kc8 {[%emt 0:00:52]} 36. Bf1 {[%emt 0:05:59]} Ne8 {[%emt 0:00:49]} 37. Rf8 {[%emt 0:00:40]} Nc7 {[%emt 0:00:15]} 38. Rf6 {[%emt 0:01:13]} Ne8 {[%emt 0:00:07]} 39. Rf8 {[%emt 0:01:09]} Nc7 {[%emt 0:00:11]} 40. Rxd8+ {[%emt 0:00:00]} Kxd8 {[%emt 0:00:00]} 41. Bc5 {[%emt 0:08:02]} Qh4 {[%emt 0:10:41]} 42. Qe5 {[%emt 0:06:55]} Qf2 {[%emt 0:04:12]} 43. Qf6+ {[%emt 0:01:48]} Kc8 {[%emt 0:01:14]} 44. Qf8+ {[%emt 0:00:44]} Kd7 {[%emt 0:00:06]} 45. Qf7+ {[%emt 0:00:07]} Kc8 {[%emt 0:00:28]} 46. Kb2 {[%emt 0:03:43]} Qh2 {[%emt 0:09:55]} 47. Qf8+ {[%emt 0:11:46]} Kd7 {[%emt 0:00:07]} 48. Qf7+ {[%emt 0:00:06]} Kc8 {[%emt 0:00:04]} 49. Qf8+ {[%emt 0:01:00]} Kd7 {[%emt 0:00:02]} 50. Qf7+ {[%emt 0:00:09]} 1/2-1/2

[Event "RUS-chT Premier 2019"]
[Site "Sochi"]
[Date "2019.05.02"]
[Round "2.12"]
[White "Toropov, Pavel"]
[Black "Rozum, Ivan"]
[Result "1-0"]
[WhiteElo "2327"]
[BlackElo "2568"]
[Annotator "RC"]
[PlyCount "131"]
[EventDate "2019.05.01"]
[EventType "team-tourn"]
[EventCountry "RUS"]
[SourceTitle "playchess.com"]
[Source "ChessBase"]
[SourceQuality "1"]
[TimeControl "40/5400+30:1800+30"]

1. e4 {[%emt 0:00:00]} g6 {[%emt 0:00:00]} 2. d4 {[%emt 0:00:00]} Bg7 {[%emt 0:00:00]} 3. Nc3 {[%emt 0:00:00]} d6 {[%emt 0:00:00]} 4. h3 {[%emt 0:00:00]} Nf6 {[%emt 0:01:16]} 5. g4 {[%emt 0:00:00]} O-O {[%emt 0:03:43]} 6. Bg2 {[%emt 0:00:19]} e5 {[%emt 0:01:02]} 7. Nge2 {[%emt 0:00:12]} Nc6 {[%emt 0:04:53]} 8. Be3 {[%emt 0:00:08]} a6 {[%emt 0:01:37]} 9. O-O {[%emt 0:03:41]} Bxg4 {[%emt 0:08:57]} 10. hxg4 {[%emt 0:35:40]} Nxg4 {[%emt 0:00:09]} 11. Bh3 {[%emt 0:01:49]} Nxe3 {[%emt 0:06:59]} 12. fxe3 {[%emt 0:00:04]} Qg5+ {[%emt 0:00:54]} 13. Kf2 {[%emt 0:18:59]} Qh4+ {[%emt 0:24:08]} 14. Kg2 {[%emt 0:00:51]} Qg5+ {[%emt 0:02:34]} 15. Kf2 {[%emt 0:00:22]} Bh6 {[%emt 0:03:26]} 16. Qd3 {[%emt 0:12:29]} Nb4 {[%emt 0:19:37]} 17. Qd2 {[%emt 0:01:28]} Qh4+ {[%emt 0:01:14]} 18. Kg2 {[%emt 0:00:28]} Qg5+ {[%emt 0:03:20]} 19. Kf2 {[%emt 0:00:16]} Qh4+ {[%emt 0:05:31]} 20. Kg2 {[%emt 0:00:15]} Qg5+ {[%emt 0:03:57]} 21. Kf2 {[%emt 0:14:41]} exd4 {[%emt 0:01:18]} 22. Nxd4 {[%emt 0:00:21]} Qh4+ {[%emt 0:00:06]} 23. Kg2 {[%emt 0:00:11]} Qg5+ {[%emt 0:00:04]} 24. Kf2 {[%emt 0:00:54]} Qh4+ {[%emt 0:01:30]} 25. Kg2 {[%emt 0:00:05]} Qg5+ {[%emt 0:00:27]} 26. Kf2 {[%emt 0:03:30]} Qh4+ {[%emt 0:05:00]} 27. Kg2 {[%emt 0:00:01]} Qg5+ {[%emt 0:00:08]} 28. Kf2 {[%emt 0:00:50]} Qh4+ {[%emt 0:00:57]} 29. Kg2 {[%emt 0:00:04]} Qg5+ {[%emt 0:00:07]} 30. Kf2 {[%emt 0:01:49]} Rae8 {[%emt 0:00:32]} 31. Nf3 {[%emt 0:02:11]} Qc5 {[%emt 0:00:24]} 32. Rae1 {[%emt 0:00:45]} Bg7 {[%emt 0:00:23]} 33. Nd4 {[%emt 0:01:45]} Nc6 {[%emt 0:00:22]} 34. Nxc6 {[%emt 0:01:53]} bxc6 {[%emt 0:00:05]} 35. Bg2 {[%emt 0:00:31]} Rb8 {[%emt 0:00:33]} 36. Rb1 {[%emt 0:00:36]} Qg5 {[%emt 0:01:09]} 37. Kg1 {[%emt 0:00:40]} Be5 {[%emt 0:00:40]} 38. Rf3 {[%emt 0:00:24]} h5 {[%emt 0:01:02]} 39. b3 {[%emt 0:00:30]} Rbe8 {[%emt 0:00:16]} 40. Ne2 {[%emt 0:00:00]} Re7 {[%emt 0:00:00]} 41. Rbf1 {[%emt 0:02:19]} Bg7 {[%emt 0:05:45]} 42. Qd3 {[%emt 0:01:43]} Qc5 {[%emt 0:05:38]} 43. Nd4 {[%emt 0:03:55]} d5 {[%emt 0:06:25]} 44. b4 {[%emt 0:14:57]} Qb6 {[%emt 0:03:11]} 45. Rf4 {[%emt 0:01:50]} dxe4 {[%emt 0:04:47]} 46. Rxe4 {[%emt 0:01:32]} Rxe4 {[%emt 0:02:04]} 47. Bxe4 {[%emt 0:02:38]} c5 {[%emt 0:02:11]} 48. bxc5 {[%emt 0:02:21]} Qxc5 {[%emt 0:00:01]} 49. Nf3 {[%emt 0:02:09]} Re8 {[%emt 0:01:47]} 50. Kf2 {[%emt 0:01:09]} c6 {[%emt 0:00:52]} 51. Re1 {[%emt 0:01:23]} f5 {[%emt 0:01:07]} 52. Qb3+ {[%emt 0:00:06]} Kh8 {[%emt 0:00:02]} 53. Bd3 {[%emt 0:00:10]} Bc3 {[%emt 0:03:38]} 54. Re2 {[%emt 0:00:20]} f4 {[%emt 0:00:31]} 55. Qf7 {[%emt 0:00:37]} fxe3+ {[%emt 0:00:24]} 56. Kg2 {[%emt 0:00:42]} Rf8 {[%emt 0:00:10]} 57. Qc4 {[%emt 0:00:45]} Bb4 {[%emt 0:00:50]} 58. Qxc5 {[%emt 0:00:41]} Bxc5 {[%emt 0:00:01]} 59. Ne5 {[%emt 0:00:39]} Re8 {[%emt 0:01:14]} 60. Nxg6+ {[%emt 0:00:15]} Kg7 {[%emt 0:00:00]} 61. Nf4 {[%emt 0:00:16]} Kf6 {[%emt 0:00:57]} 62. Kf3 {[%emt 0:00:20]} Ke5 {[%emt 0:00:26]} 63. Rh2 {[%emt 0:00:14]} Rf8 {[%emt 0:00:32]} 64. Rxh5+ {[%emt 0:00:08]} Kd4 {[%emt 0:00:24]} 65. c3+ {[%emt 0:00:29]} Kxc3 {[%emt 0:00:06]} 66. Rxc5+ {[%emt 0:00:01]} 1-0

[Event "RUS-chT Premier 2019"]
[Site "Sochi"]
[Date "2019.05.02"]
[Round "2.13"]
[White "Riazantsev, Alexander"]
[Black "Iljiushenok, Ilia"]
[Result "0-1"]
[WhiteElo "2653"]
[BlackElo "2534"]
[Annotator "TA"]
[PlyCount "126"]
[EventDate "2019.05.01"]
[EventType "team-tourn"]
[EventCountry "RUS"]
[SourceTitle "playchess.com"]
[Source "ChessBase"]
[SourceQuality "1"]

{[%evp 9,126,6,4,0,0,-3,0,0,0,0,0,0,0,-7,0,-14,7,0,0,-16,-20,-21,-9,-16,-19,-20,-7,-19,5,0,0,-4,0,-45,0,-20,-21,-32,-29,-43,0,0,0,-2,0,0,0,-9,-15,-202,-205,-208,-211,-216,-211,-210,-177,-241,-227,-316,-273,-287,-277,-284,-276,-277,-262,-250,-212,-296,-210,-214,-197,-195,-193,-207,-194,-192,-192,-260,-257,-283,-239,-262,-233,-420,-285,-291,-268,-318,-326,-303,-233,-223,-212,-218,-187,-3950,-3823,-3802,0,-2956,-2503,-2370,-1411,-1186,-19,-457,-1512,-29979,-29977,-29976,-29975,-29982,-29983,-29982,-29983,-29985,-29984]} 1. d4 Nf6 2. Nf3 g6 3. Nc3 d5 4. Bf4 Bg7 5. e3 O-O 6. Nb5 {D00: 1 d4 d5: Unusual lines} Na6 7. h3 c6 8. Nc3 {The position is equal.} Nc7 (8... Qa5 9. Nd2 Nd7 10. Nb3 Qb6 11. Be2 e5 12. Bg3 Re8 13. O-O {1-0 (58) Melkumyan,H (2660)-Jones,G (2677) chess.com INT 2018}) 9. Be2 Nce8 10. O-O Nd6 11. Bh2 Bf5 $146 ({Predecessor:} 11... Re8 12. Re1 Nd7 13. Bd3 e5 14. dxe5 Nxe5 15. Nxe5 Bxe5 16. Bxe5 Rxe5 17. e4 dxe4 18. Bxe4 Qe7 19. Bd3 {½-½ (19) Hasangatin,R (2502)-Savitskiy,S (2415) Taganrog 2018}) 12. Ne5 Rc8 13. a4 a5 14. Nd3 Re8 15. Nb1 Nfe4 16. Nd2 Nxd2 17. Qxd2 Nc4 18. Qd1 f6 19. b3 Nd6 20. c4 e5 21. Rc1 Ne4 22. Ne1 exd4 23. Qxd4 Be6 $36 {[%mdl 2048] Black has the initiative.} 24. Nf3 f5 25. Be5 Bxe5 26. Qxe5 dxc4 27. bxc4 Bf7 28. Qa1 Qe7 29. Rfd1 $2 {[#]} (29. h4 $11 {and White is okay.}) 29... Nxf2 $1 $19 {[%mdl 576] Discovered Attack, Remove Defender, Decoy} 30. Kxf2 {Strongly threatening Rc3.} Qxe3+ {[%mdl 64] Double Attack} 31. Kg3 {Bf1 is the strong threat.} Qxe2 32. Rd7 Re7 33. Rcd1 (33. Rd4 {might work better.} Re3 34. Rc3) 33... Rce8 ({Don't play} 33... Bxc4 34. Rd8+ Rxd8 35. Rxd8+ Re8 36. Qf6 $17) 34. c5 Bd5 35. Rxe7 Qxe7 ({Not} 35... Rxe7 36. Re1 $17) 36. Re1 Qc7+ 37. Kf2 Rxe1 38. Qxe1 b6 39. Qe8+ Kg7 40. Qe3 bxc5 41. Qxc5 Kg8 42. h4 Qd8 43. Qd4 Qe7 44. Kg3 (44. Qf4 $142) 44... Bxf3 45. gxf3 {[%mdl 4096] Endgame KQ-KQ} c5 46. Qc4+ Kf8 47. Qc3 $2 (47. Qf4) 47... Qc7+ 48. f4 {White wants to play Qh8+.} Kg8 49. Qf6 {If only White now had time for h5....} c4 {And now ...c3 would win.} 50. h5 {intending h6.} gxh5 {Hoping for ...Qg7+.} 51. Qxf5 c3 52. Qd5+ Kg7 {White must now prevent ...c2.} 53. Kf3 $2 (53. Qg5+ Kh8 54. Qf5) 53... c2 54. Qg5+ Kf7 $2 (54... Kf8 $19 55. Qf5+ Ke8 56. Qe6+ Kd8 57. Qg8+ Kd7 58. Qxh7+ Kc8 59. Qh8+ Kb7 60. Qb2+ Ka6 61. Qf6+ Ka7 62. Qd4+ Ka6 63. Qf6+ Kb7 64. Qb2+ Ka7) 55. Qf5+ $2 {[%mdl 8192]} (55. Qxh5+ $11 Ke6 56. Qe8+ Kd6 57. Qe5+ Kd7 58. Qf5+ Ke8 59. Qe6+ Kd8 60. Qg8+ Kd7 61. Qxh7+ Kc8 62. Qh8+ Kb7 63. Qb2+ Ka7 64. Qc1) 55... Ke8 56. Qxh5+ Kd8 $1 57. Qd5+ {[#]} Ke7 $2 (57... Qd7 $1 $19 {[%cal Rd7d5]} 58. Qxa5+ Kc8 59. Qa8+ Kc7 60. Qa5+ Kc8 61. Qa8+ Kc7 62. Qa5+ Kb8 63. Qe5+ Ka8 64. Qa5+ Kb7 65. Qb4+ Kc7 66. Qa5+) 58. Qg5+ $2 {[%mdl 8192] [#]} (58. Qe4+ $1 $11 {and White stays safe.} Kf6 59. Qd4+ Kg6 60. Qd3+ Kh6 61. Qb5 Qc3+ 62. Ke2) 58... Ke6 $1 59. Qg8+ Kd6 {Black mates.} 60. Qf8+ Kd5 61. Qf5+ Kd4 62. Qf6+ Kd3 63. Qf5+ Kc3 {Accuracy: White = 34%, Black = 63%.} 0-1

[Event "RUS-chT Premier 2019"]
[Site "Sochi"]
[Date "2019.05.02"]
[Round "2.14"]
[White "Nozdrachev, Vladislav"]
[Black "Motylev, Alexander"]
[Result "1/2-1/2"]
[WhiteElo "2489"]
[BlackElo "2650"]
[Annotator "TA"]
[PlyCount "108"]
[EventDate "2019.05.01"]
[EventType "team-tourn"]
[EventCountry "RUS"]
[SourceTitle "playchess.com"]
[Source "ChessBase"]
[SourceQuality "1"]

{[%evp 12,108,22,14,34,22,29,20,35,20,37,22,35,-54,-49,-37,-45,-36,-30,-107,-126,-124,-90,-94,-78,-82,-79,-89,-89,-94,-65,-54,-50,-37,-16,-54,-53,-45,-32,-37,-27,-70,-36,-176,-170,-172,-175,-170,-170,-168,-170,-168,-170,-162,-166,-165,-159,-189,0,-168,0,-190,-190,-190,-169,-190,-189,-179,-150,-168,-168,-146,0,-139,-146,-141,-137,-116,-8,-8,-8,-8,-8,-8,-8,-8,-8,-8,-8,-8,-8,-8,-8,-8,-8,-8,-8,-8,-8]} 1. e4 c5 2. Nf3 d6 3. d4 cxd4 4. Nxd4 Nf6 5. Nc3 a6 6. h3 e6 7. g4 Nfd7 {B81: Sicilian Scheveningen: Keres Attack} 8. Bg2 Be7 9. Be3 Nc6 10. h4 O-O 11. g5 Nde5 12. O-O (12. Qe2 $14) 12... f6 $146 {[%cal Rf6g5]} ({Predecessor:} 12... Nxd4 13. Bxd4 Ng6 14. Qh5 Nf4 15. Qf3 e5 16. Be3 {0-1 (48) Yu,Y (2509)-Le,Q (2602) Lishui 2009}) 13. Nxc6 bxc6 14. f4 Nc4 {[%mdl 64] Double Attack} 15. Qe2 (15. Bc1 $1 $11 {keeps the balance.}) 15... Nxe3 $17 16. Qxe3 Rb8 17. b3 e5 18. fxe5 dxe5 {[%cal Rf6g5]} 19. Rad1 Qe8 20. Qg3 fxg5 21. Rxf8+ Bxf8 22. Qxg5 {next Rd8 is good for White.} Bc5+ 23. Kh2 Be7 24. Qxe5 Bg4 25. Rd3 $1 h5 26. Bh3 Rd8 $1 $36 {[%mdl 2048] ...Bd6 is the strong threat. Black has some pressure.} 27. Kg2 ({White has to play} 27. Qg3 $1 $15) 27... Rxd3 $19 28. cxd3 Bxh3+ $1 29. Kxh3 Qd7+ {[%mdl 64] Double Attack} 30. Kg2 Bf6 $1 {[%cal Rf6e5]} 31. Qb8+ Kh7 32. Na4 Qxd3 33. Qf4 Qe2+ 34. Kh3 Qd3+ (34... Qxa2 35. Qf5+ Kh8 36. Qxh5+ Kg8 37. Qe8+ Kh7 38. Qh5+ Kg8 39. Qe8+ Kh7 40. Qh5+ Kg8 $11) 35. Kg2 $1 Qe2+ 36. Kh3 {[#]} Bd4 $1 ({Weaker is} 36... Qxa2 37. Qf5+ Kh6 38. Qf4+ Kh7 39. Qf5+ Kh8 40. Qc8+ (40. Qxh5+ Kg8 $11) 40... Kh7 41. Qf5+ $11) 37. Qf5+ g6 38. Qd7+ Bg7 39. Qe7 Qf3+ 40. Kh2 Qf2+ 41. Kh3 Qf3+ 42. Kh2 {[#]} Qf4+ $1 43. Kg2 Kh6 {aiming for ...Bd4.} 44. Nc5 Be5 {[#]} ({Black should try} 44... Qd2+ $17 45. Kf3 Qxa2 46. Qg5+ Kh7) 45. Qg5+ $1 $11 {[%mdl 512] The position is equal.} Qxg5+ 46. hxg5+ Kxg5 {White must now prevent ...Kf4.} 47. Nxa6 {[%mdl 4096] Endgame KB-KN} Kf4 {Threatens to win with ...Bd6.} 48. Nb4 Kxe4 {Hoping for ...g5.} 49. Nxc6 Bd6 50. a4 Kd5 51. Na5 g5 52. Nc4 Bc5 53. Nd2 g4 54. Kg3 Bb4 {Accuracy: White = 62%, Black = 74%.} 1/2-1/2

[Event "RUS-chT Premier 2019"]
[Site "Sochi"]
[Date "2019.05.02"]
[Round "2.15"]
[White "Sarana, Alexey"]
[Black "Geller, Jakov"]
[Result "1-0"]
[WhiteElo "2636"]
[BlackElo "2518"]
[Annotator "TA"]
[PlyCount "87"]
[EventDate "2019.05.01"]
[EventType "team-tourn"]
[EventCountry "RUS"]
[SourceTitle "playchess.com"]
[Source "ChessBase"]
[SourceQuality "1"]

{[%evp 10,87,36,33,33,25,42,20,12,37,34,29,39,33,42,43,39,37,22,32,45,46,43,53,42,18,11,0,71,79,79,78,57,74,71,60,62,62,75,70,79,77,139,144,138,139,154,164,152,140,204,201,206,180,192,193,208,206,261,264,257,263,333,257,255,234,277,212,199,200,470,466,462,437,1093,668,5352,5235,4979,1986]} 1. d4 d5 2. c4 e6 3. Nf3 c6 4. Nbd2 Nf6 5. e3 c5 6. cxd5 exd5 {D30: Queen's Gambit Declined: Systems without Nc3} (6... Nxd5 7. e4 Nf6 8. dxc5 Bxc5 9. e5 Nd5 10. Bc4 O-O 11. O-O Nc6 12. Ne4 Be7 13. Qe2 Qc7 14. Ng3 a6 15. Bd2 Rd8 16. Rac1 b5 17. Bd3 Bb7 18. Bb1 Rd7 19. h4 Qd8 {½-½ (70) Zidu,J (2602)-Zhak,B (2597) ICCF email 2015}) 7. b3 Nc6 8. Bb2 cxd4 {The position is equal.} 9. Nxd4 Bd6 10. Bd3 O-O 11. O-O Re8 12. Rc1 Bd7 13. Nxc6 $146 ({Predecessor:} 13. h3 a6 14. Nxc6 Bxc6 {½-½ (28) Andersen,J (2094)-Jacobs,R (2203) GER email 2013}) 13... bxc6 14. Qc2 h6 15. Bf5 Bc8 16. Rfd1 Bb7 17. Bd4 Ba3 18. Bb2 Qe7 {[#]} (18... Bd6 $11) 19. Bxa3 $1 $16 Qxa3 20. Nf3 a5 21. Nd4 $36 {[%mdl 2048] Black is under strong pressure.} a4 22. Rb1 axb3 23. Rxb3 Qe7 24. Rdb1 Ra7 25. Rb6 Ba8 (25... Rea8 $142) 26. Rxc6 ({Resist} 26. Nxc6 Bxc6 27. Rxc6 d4 $14) 26... Bxc6 27. Nxc6 Qc7 28. Nxa7 Qxa7 29. Bd3 Ne4 (29... d4 $16 {was called for.}) 30. a4 $18 Qa5 31. Rc1 g6 32. h3 h5 33. Bb5 Re6 34. Qb2 {[#] Intending Rc8+ and mate.} Kh7 35. Qd4 Rd6 36. Kh2 Qd8 37. Rc2 Rf6 38. Kg1 Qa5 {aiming for ...Qe1+.} 39. Qa1 {Threatens to win with f3.} Qb6 $2 (39... Rd6 {was worth a try.} 40. Bf1 Rd8) 40. Bd3 {White is clearly winning.} Re6 41. a5 {[%cal Ba4a5,Ba5a6][%mdl 32]} Qb3 (41... Qb8 $142 42. a6 Re7) 42. Rc8 {[%csl Ga1][%cal Rc8h8]} f6 43. Bxe4 dxe4 44. a6 {Accuracy: White = 90%, Black = 41%.} 1-0

[Event "RUS-chT Premier 2019"]
[Site "Sochi"]
[Date "2019.05.02"]
[Round "2.16"]
[White "Bykov, Oleg"]
[Black "Oparin, Grigoriy"]
[Result "0-1"]
[WhiteElo "2395"]
[BlackElo "2624"]
[Annotator "TA"]
[PlyCount "74"]
[EventDate "2019.05.01"]
[EventType "team-tourn"]
[EventCountry "RUS"]
[SourceTitle "playchess.com"]
[Source "ChessBase"]
[SourceQuality "1"]

{[%evp 22,74,18,12,42,42,29,27,56,10,26,19,25,30,34,6,34,20,32,0,0,14,11,-35,8,-14,0,-20,10,7,118,46,76,56,60,62,40,-240,-160,-228,-128,-343,-350,-372,-274,-260,-267,-279,-275,-271,-257,-429,-439,-432,-417]} 1. c4 Nf6 2. Nc3 c5 3. g3 e6 4. Nf3 b6 5. Bg2 Bb7 6. O-O Be7 7. d4 cxd4 8. Qxd4 O-O 9. e4 d6 10. b3 Nbd7 11. Bb2 a6 12. Rfe1 Qc7 {A30: Symmetrical English: Double Fianchetto and Hedgehog} 13. Qd2 Rac8 14. Nd4 {[#]} Qb8 $146 {White has an edge.} ({Predecessor:} 14... g6 15. Bh3 Nc5 16. b4 Rcd8 17. Rac1 Bc8 {1-0 (31) Short,N (2652)-Ghaem Maghami,E (2569) Guilan 2016}) 15. f4 Rfd8 16. Qe2 Qa7 17. Kh1 Qa8 18. a4 Bf8 19. Rad1 Re8 20. Nc2 Nc5 21. b4 Ncd7 22. h3 Rc7 (22... a5 $5 {[%cal Ra5b4]}) 23. g4 h6 24. h4 h5 25. gxh5 e5 (25... d5 $1 $11 {remains equal.}) 26. f5 (26. Rf1 $16) 26... Rec8 27. Ne3 Nxe4 28. Nxe4 Bxe4 29. Rd5 $2 {[%mdl 8192]} (29. Rg1 $1 $14 {stays ahead.}) 29... Bxg2+ 30. Qxg2 Nf6 ({Black should try} 30... Rxc4 $1 $19 31. Nxc4 Rxc4 {[%mdl 64] Double Attack}) 31. h6 $2 {[#]} (31. Rdd1 $17 {was called for.}) 31... Rxc4 $1 $19 ({Weaker is} 31... Nxd5 32. Nxd5 f6 33. Re4 $11) 32. Nxc4 Qxd5 33. Ne3 Qxg2+ 34. Kxg2 gxh6 35. Rd1 h5 36. b5 $2 {[#]} (36. Kf3 {was necessary.}) 36... axb5 37. axb5 Rc5 {Accuracy: White = 27%, Black = 42%.} 0-1

[Event "RUS-chT Premier 2019"]
[Site "Sochi"]
[Date "2019.05.02"]
[Round "2.17"]
[White "Predke, Alexandr"]
[Black "Ofitserian, Boris"]
[Result "1-0"]
[WhiteElo "2626"]
[BlackElo "2413"]
[Annotator "TA"]
[PlyCount "53"]
[EventDate "2019.05.01"]
[EventType "team-tourn"]
[EventCountry "RUS"]
[SourceTitle "playchess.com"]
[Source "ChessBase"]
[SourceQuality "1"]

{[%evp 19,53,22,28,0,0,0,0,-11,16,18,17,16,9,0,19,7,35,33,33,31,33,36,44,46,130,102,327,347,314,333,29990,29991,29991,29992,29995,29996]} 1. d4 Nf6 2. c4 g6 3. Nc3 d5 4. cxd5 Nxd5 5. e4 Nxc3 6. bxc3 Bg7 7. Nf3 c5 8. Be3 Qa5 9. Qd2 Nd7 10. Rc1 O-O 11. h4 $146 {D85: Exchange Grünfeld: Unusual White 7th moves and lines with 7 Nf3} (11. Bd3 e5 12. d5 f5 13. Bh6 fxe4 14. Bxe4 Qa4 15. Bc2 Qg4 16. Qg5 Nf6 17. Bxg7 Kxg7 18. Rd1 Qc4 {½-½ (71) Onischuk,A (2647)-Wei,Y (2733) Astana 2019}) 11... Nf6 12. Bd3 Rd8 13. h5 {The position is equal.} cxd4 14. cxd4 Qxd2+ 15. Kxd2 Nxh5 16. e5 $36 {[%mdl 2048] Black is under pressure.} f6 17. Rc7 fxe5 18. Rxe7 {Strongly threatening Bc4+.} exd4 19. Bc4+ Kh8 20. Bg5 {Threatens to win with Rxg7!} Rf8 21. Ne5 {Nf7+ is the strong threat.} Bxe5 ({Better is} 21... Rxf2+ $14 22. Ke1 Rf8) 22. Rxe5 $16 Rxf2+ $2 (22... Bd7 $16) 23. Ke1 $1 $18 {Re8+ would kill now.} Rf8 24. Re7 $1 {Intending Rxh5! and mate.} Bf5 $2 (24... b5 $18 25. Bd5 Bb7 26. Bxb7 Rae8) 25. Rxh5 {White mates.} gxh5 {[#]} 26. Bh6 $1 {[%csl Ge7][%cal Rh6g7]} Rg8 {[#]} 27. Bf4 $1 {Accuracy: White = 58%, Black = 33%.} 1-0